[Event "POL-chT Academic"]
[Site "Katowice"]
[Date "2020.11.15"]
[Round "9.24"]
[White "Czaplewska, Klara"]
[Black "Hampel, Anna"]
[Result "1-0"]
[WhiteElo "1863"]
[BlackElo "1712"]
[PlyCount "39"]
[EventDate "2020.11.14"]
[EventType "team-swiss (rapid)"]
[EventRounds "9"]
[EventCountry "POL"]
[SourceTitle "CBM 199 Extra"]
[Source "ChessBase"]
[SourceDate "2021.01.31"]
[SourceVersion "1"]
[SourceVersionDate "2021.01.31"]
[SourceQuality "1"]
[WhiteTeam "Wroclaw University"]
[BlackTeam "Katowice Slaski Univ"]
[WhiteTeamCountry "POL"]
[BlackTeamCountry "POL"]

1. d4 Nf6 2. g3 d6 3. Bg2 g6 4. e4 Bg7 5. Ne2 0-0 6. Nbc3 e5 7. h3 Nc6 8. Be3 a6 9. 0-0 Bd7 10. f4 h5 11. fxe5 dxe5 12. Bg5 exd4 13. Nd5 Be6 14. Nxf6+ Bxf6 15. Bxf6 Qd7 16. Qd2 Kh7 17. Nf4 Bc4 18. Rf2 Qd6 19. Nxh5 gxh5 20. Qg5 1-0

[Event "POL-chT Academic"]
[Site "Katowice"]
[Date "2020.11.14"]
[Round "4.18"]
[White "Hampel, Anna"]
[Black "Antolak, Julia"]
[Result "0-1"]
[WhiteElo "1712"]
[BlackElo "2313"]
[PlyCount "44"]
[EventDate "2020.11.14"]
[EventType "team-swiss (rapid)"]
[EventRounds "9"]
[EventCountry "POL"]
[SourceTitle "CBM 199 Extra"]
[Source "ChessBase"]
[SourceDate "2021.01.31"]
[SourceVersion "1"]
[SourceVersionDate "2021.01.31"]
[SourceQuality "1"]
[WhiteTeam "Katowice Slaski Univ"]
[BlackTeam "Gdansk Univ"]
[WhiteTeamCountry "POL"]
[BlackTeamCountry "POL"]

1. c4 e5 2. e3 Nf6 3. Nc3 Nc6 4. a3 d5 5. cxd5 Nxd5 6. Qc2 Be7 7. Nf3 Be6 8. Bb5 0-0 9. Bxc6 bxc6 10. Nxe5 Bf6 11. Nf3 Nxc3 12. bxc3 Bc4 13. d4 c5 14. Bb2 Qd5 15. Qd2 Rab8 16. 0-0-0 cxd4 17. exd4 Rb3 18. Rhe1 Rfb8 19. Qe3 h6 20. Rd2 Qb5 21. Ne5 Bxe5 22. Qxe5 Rxc3+ 0-1

[Event "Lazy op 14th"]
[Site "Lazy"]
[Date "2018.06.30"]
[Round "7"]
[White "Hampel, Anna"]
[Black "Wasala, Wiktoria"]
[Result "1-0"]
[WhiteElo "1728"]
[BlackElo "1521"]
[PlyCount "87"]
[EventDate "2018.06.24"]
[EventType "swiss"]
[EventRounds "9"]
[EventCountry "POL"]
[SourceTitle "CBM 185 Extra"]
[Source "ChessBase"]
[SourceDate "2018.07.29"]
[SourceVersion "1"]
[SourceVersionDate "2018.07.29"]
[SourceQuality "1"]

1. e4 Nf6 2. e5 Nd5 3. c4 Nb6 4. c5 Nd5 5. Bc4 e6 6. d4 b6 7. cxb6 axb6 8. Nf3 Bb7 9. 0-0 Be7 10. Nc3 0-0 11. Nxd5 Bxd5 12. Bxd5 exd5 13. Qb3 c6 14. Bf4 b5 15. a4 b4 16. Bd2 Na6 17. Rfc1 Qb6 18. Qd3 h6 19. Qf5 Qc7 20. Qg4 Kh8 21. Nh4 Bxh4 22. Qxh4 Qd8 23. Qh3 Qe7 24. Re1 Nc7 25. Bxh6 Qe6 26. Qxe6 Nxe6 27. Be3 b3 28. f4 g6 29. Rf1 f5 30. Rfc1 Rfb8 31. Ra3 Rb4 32. Rc3 Nxd4 33. Bxd4 Rxd4 34. Rcxb3 Rxf4 35. a5 Re4 36. a6 Rxe5 37. a7 Ree8 38. Rb7 Kg7 39. Rxd7+ Kf6 40. Ra6 Re6 41. Rb6 Ke5 42. Rb8 Re8 43. Rxe8+ Rxe8 44. Re7+ 1-0

[Event "POL-chT U20 2nd League"]
[Site "Szczyrk"]
[Date "2017.07.25"]
[Round "5.38"]
[White "Hampel, Anna"]
[Black "Fiszer, Bartosz"]
[Result "1/2-1/2"]
[WhiteElo "1581"]
[BlackElo "1767"]
[PlyCount "73"]
[EventDate "2017.07.22"]
[EventType "team-swiss"]
[EventRounds "11"]
[EventCountry "POL"]
[SourceTitle "EXT 2019"]
[Source "ChessBase"]
[SourceDate "2018.10.10"]
[SourceVersion "1"]
[SourceVersionDate "2018.10.10"]
[SourceQuality "1"]

1. e4 c5 2. Nf3 Nc6 3. d4 cxd4 4. Nxd4 g6 5. Nc3 Bg7 6. Be3 Nf6 7. Bc4 0-0 8. Bb3 Re8 9. f3 e6 10. 0-0 d5 11. exd5 Nxd5 12. Nxd5 exd5 13. Bf2 Qg5 14. c3 Be5 15. h4 Qh5 16. g4 Qh6 17. g5 Qf8 18. Bxd5 Bh3 19. Re1 Rad8 20. Bxc6 bxc6 21. Qc2 Bc7 22. Rxe8 Rxe8 23. Re1 Rxe1+ 24. Bxe1 Qd6 25. Qe2 Bd7 26. Qg2 c5 27. Ne2 Qd1 28. Qf2 Bb6 29. Kg2 Be6 30. b3 c4 31. Nd4 cxb3 32. axb3 Bxd4 33. cxd4 Qxb3 34. Qe2 Qd5 35. Qb2 Qa2 36. Qxa2 Bxa2 37. Bb4 1/2-1/2

[Event "POL-chT U20 2nd League"]
[Site "Szczyrk"]
[Date "2017.07.23"]
[Round "2.61"]
[White "Strzelecki, Maciej"]
[Black "Hampel, Anna"]
[Result "0-1"]
[WhiteElo "1745"]
[BlackElo "1581"]
[PlyCount "86"]
[EventDate "2017.07.22"]
[EventType "team-swiss"]
[EventRounds "11"]
[EventCountry "POL"]
[SourceTitle "EXT 2019"]
[Source "ChessBase"]
[SourceDate "2018.10.10"]
[SourceVersion "1"]
[SourceVersionDate "2018.10.10"]
[SourceQuality "1"]

1. e4 c5 2. Nf3 e6 3. d4 cxd4 4. Nxd4 Nc6 5. Nc3 Nf6 6. Ndb5 d6 7. Bf4 e5 8. Bg5 a6 9. Na3 Be7 10. Bxf6 Bxf6 11. Nd5 b5 12. c3 0-0 13. Nc2 Bg5 14. Nce3 Be6 15. Be2 Rc8 16. a4 Rb8 17. 0-0 Ne7 18. axb5 axb5 19. Nxe7+ Qxe7 20. Nd5 Qb7 21. Ra5 Qc6 22. Qd3 f5 23. Nb4 Qd7 24. Rfa1 fxe4 25. Qxe4 Qf7 26. Bf3 Qe8 27. Nd5 Bf5 28. Qb4 e4 29. Re1 Qf7 30. Bd1 Be6 31. Qd4 Bxd5 32. Ra7 Rb7 33. Rxb7 Bxb7 34. Rf1 Qd5 35. Qb4 Qc5 36. Qb3+ Bd5 37. Qc2 e3 38. Bf3 Bxf3 39. gxf3 exf2+ 40. Kg2 Be3 41. h4 Qf5 42. Qb3+ Kh8 43. Qb4 Qxf3+ 0-1